Catálogo

Diccionario de grafoscopía y documentoscopía / (Registro nro. 7147)

Detalles MARC
000 -LEADER
fixed length control field 00838cam a2200253 i 4500
001 - CONTROL NUMBER
control field 7147
003 - CONTROL NUMBER IDENTIFIER
control field Mx-PuUPA
005 - DATE AND TIME OF LATEST TRANSACTION
control field 20230810125232.0
008 - FIXED-LENGTH DATA ELEMENTS--GENERAL INFORMATION
fixed length control field 140415s2014 mx fr 000 0 spa d
020 ## - INTERNATIONAL STANDARD BOOK NUMBER
International Standard Book Number 9786079117078
040 ## - CATALOGING SOURCE
Original cataloging agency Mx-PuUPA
Language of cataloging spa
Transcribing agency Mx-PuUPA
Modifying agency Mx-PuUPA
Description conventions rda
041 0# - LANGUAGE CODE
Language code of text/sound track or separate title spa
100 1# - MAIN ENTRY--PERSONAL NAME
Personal name González Emigdio, Anatolio,
Relator term autor
9 (RLIN) 9583
245 10 - TITLE STATEMENT
Title Diccionario de grafoscopía y documentoscopía /
Statement of responsibility, etc. Anatolio González Emigdio
264 #1 - PRODUCTION, PUBLICATION, DISTRIBUTION, MANUFACTURE, AND COPYRIGHT NOTICE
Place of production, publication, distribution, manufacture México :
Name of producer, publisher, distributor, manufacturer Instituto Nacional de Desarrollo Jurídico,
Date of production, publication, distribution, manufacture, or copyright notice 2014
300 ## - PHYSICAL DESCRIPTION
Extent 391 páginas ;
Dimensions 22 cm
336 ## - CONTENT TYPE
Content type term texto
Fuente rdacontent
Content type code txt
337 ## - MEDIA TYPE
Media type term sin medio
Source rdamedia
Media type code n
338 ## - CARRIER TYPE
Carrier type term volumen
Source rdacarrier
Carrier type code nc
650 #7 - SUBJECT ADDED ENTRY--TOPICAL TERM
Topical term or geographic name entry element Grafología
Form subdivision Diccionarios
Source of heading or term armarc
942 ## - ADDED ENTRY ELEMENTS (KOHA)
Source of classification or shelving scheme Dewey Decimal Classification
Koha item type Libro
Classification part 363.256503
Item part G642
Existencias
Withdrawn status Lost status Source of classification or shelving scheme Damaged status Not for loan Collection code Home library Current library Shelving location Date acquired Total Checkouts Full call number Barcode Date last seen Price effective from Koha item type Copy number
    Dewey Decimal Classification     Referencia Tehuacán Tehuacán Referencia 24/07/2019   363.256503 G642 2014 968000000031 08/01/2025 24/07/2019 Libro R  
    Dewey Decimal Classification     Referencia Tehuacán Tehuacán Referencia 21/08/2019   363.256503 G642 2014 968000000027 08/01/2025 21/08/2019 Libro R Ej.2